[Event "Hong Kong Blitz op"]
[Site "Hong Kong"]
[Date "2024.12.29"]
[Round "7"]
[White "Zhang, Haoxuan1"]
[Black "Yu, Lijie Kevin"]
[Result "1-0"]
[WhiteElo "1987"]
[BlackElo "1669"]
[PlyCount "115"]
[EventDate "2024.12.29"]
[EventType "swiss (blitz)"]
[EventRounds "9"]
[EventCountry "HKG"]
[SourceTitle "CB01_2025"]
[SourceDate "2025.01.01"]
[SourceVersion "1"]
[SourceVersionDate "2025.01.01"]
[SourceQuality "1"]

1. d4 Nf6 2. c4 e6 3. Nf3 b6 4. g3 Bb7 5. Bg2 Bb4+ 6. Nbd2 0-0 7. 0-0 d5 8. a3 Be7 9. Qc2 dxc4 10. Qxc4 Nbd7 11. Ne5 Bxg2 12. Kxg2 Nxe5 13. dxe5 Nd7 14. Nf3 c5 15. Rd1 Qc7 16. Bf4 Rfd8 17. h4 h6 18. Rac1 Nf8 19. h5 Rxd1 20. Rxd1 Rd8 21. Rc1 Qb7 22. b4 b5 23. Qc3 c4 24. Qe3 Nd7 25. Rd1 Nb6 26. Rxd8+ Bxd8 27. Qc5 a6 28. Bd2 Be7 29. Qd4 Nd5 30. e4 Nb6 31. Bc3 Qc7 32. Nd2 Qd8 33. Qxd8+ Bxd8 34. Bd4 Na4 35. Nb1 Bb6 36. Bxb6 Nxb6 37. Nc3 Kf8 38. f4 Ke7 39. Kf3 Nc8 40. Ke3 Kd7 41. Kd4 Kc6 42. g4 Ne7 43. f5 g6 44. hxg6 fxg6 45. f6 Kd7 46. f7 Nc6+ 47. Kc5 Ke7 48. Kxc6 h5 49. gxh5 gxh5 50. Kc5 h4 51. Kd4 h3 52. Ne2 h2 53. Ng3 Kxf7 54. Ke3 Kg6 55. Kf2 Kg5 56. Kg2 c3 57. Ne2 c2 58. Kxh2 1-0

[Event "Binhai Cup-B 4th"]
[Site "Binhai"]
[Date "2024.08.22"]
[Round "7"]
[White "Xu, Chang2"]
[Black "Yu, Lijie Kevin"]
[Result "1-0"]
[WhiteElo "1852"]
[BlackElo "1755"]
[PlyCount "119"]
[EventDate "2024.08.18"]
[EventType "swiss"]
[EventRounds "9"]
[EventCountry "CHN"]
[SourceTitle "CBM 221 Extra"]
[Source "ChessBase"]
[SourceDate "2024.09.30"]
[SourceVersion "1"]
[SourceVersionDate "2024.09.30"]
[SourceQuality "1"]

1. e4 c5 2. Nf3 Nc6 3. Bb5 g6 4. 0-0 Bg7 5. Re1 e5 6. c3 Nge7 7. d3 0-0 8. Be3 d6 9. Nbd2 Kh8 10. a4 h6 11. Nc4 f5 12. a5 f4 13. Bd2 g5 14. b4 g4 15. Nh4 Bf6 16. Bxc6 bxc6 17. Nf5 Nxf5 18. exf5 cxb4 19. Qxg4 Qc7 20. Qg6 d5 21. Qxh6+ Kg8 22. Qg6+ Kh8 23. Nb2 Qd7 24. cxb4 Qxf5 25. Qh6+ Kg8 26. Rac1 Bd7 27. d4 e4 28. Na4 Bxd4 29. Nc5 Rf6 30. Qh4 Raf8 31. Nxd7 Qxd7 32. Bc3 Bxc3 33. Rxc3 f3 34. gxf3 Qg7+ 35. Kh1 Rh6 36. Qg3 Rg6 37. fxe4 Kh8 38. Qh4+ Rh6 39. Rh3 Rxh4 40. Rxh4+ Kg8 41. Rg1 Rxf2 42. Rxg7+ Kxg7 43. exd5 cxd5 44. Rd4 Rf5 45. Kg2 Kf6 46. b5 Ke5 47. Rb4 Rf8 48. b6 axb6 49. axb6 Kd6 50. b7 Rb8 51. Kf3 Kc5 52. Rb1 Kd4 53. Ke2 Kc3 54. Rc1+ Kd4 55. Rc7 Re8+ 56. Kd2 Rb8 57. h4 Ke5 58. h5 Kd6 59. Rg7 Kc6 60. h6 1-0

[Event "CHN-ch U16"]
[Site "Shenzhen"]
[Date "2023.08.02"]
[Round "11"]
[White "Yu, Lijie Kevin"]
[Black "Wang, Yuezhou"]
[Result "1/2-1/2"]
[WhiteElo "1426"]
[BlackElo "1694"]
[PlyCount "45"]
[EventDate "2023.07.28"]
[EventType "swiss"]
[EventRounds "11"]
[EventCountry "CHN"]
[SourceTitle "CBM 215 Extra"]
[Source "ChessBase"]
[SourceDate "2023.09.30"]
[SourceVersion "1"]
[SourceVersionDate "2023.09.30"]
[SourceQuality "1"]

1. e4 c6 2. d4 d5 3. exd5 cxd5 4. Nf3 Nc6 5. Bd3 Bg4 6. 0-0 e6 7. c3 Nf6 8. Bf4 Bd6 9. Bxd6 Qxd6 10. h3 Bh5 11. Nbd2 0-0 12. Re1 Rfc8 13. g4 Bg6 14. Bxg6 hxg6 15. Ne5 b5 16. Qf3 Rc7 17. a3 a5 18. Kg2 Rb8 19. h4 b4 20. axb4 axb4 21. h5 gxh5 22. gxh5 bxc3 23. bxc3 1/2-1/2

[Event "CHN-ch U16"]
[Site "Shenzhen"]
[Date "2023.08.01"]
[Round "9"]
[White "Yu, Lijie Kevin"]
[Black "Li, Hongjin"]
[Result "1/2-1/2"]
[WhiteElo "1426"]
[BlackElo "1645"]
[PlyCount "43"]
[EventDate "2023.07.28"]
[EventType "swiss"]
[EventRounds "11"]
[EventCountry "CHN"]
[SourceTitle "CBM 215 Extra"]
[Source "ChessBase"]
[SourceDate "2023.09.30"]
[SourceVersion "1"]
[SourceVersionDate "2023.09.30"]
[SourceQuality "1"]

1. e4 c5 2. Nc3 d6 3. f4 Nc6 4. Bb5 Bd7 5. Nf3 a6 6. Bxc6 Bxc6 7. d3 g6 8. 0-0 Bg7 9. Qe1 d5 10. Ne5 e6 11. Nxc6 bxc6 12. f5 Qe7 13. Qg3 Nf6 14. Bg5 d4 15. e5 dxc3 16. exf6 Bxf6 17. fxe6 Bd4+ 18. Kh1 f6 19. bxc3 Bxc3 20. d4 Bxd4 21. c3 Be5 22. Qe3 1/2-1/2

[Event "CHN-ch U16"]
[Site "Shenzhen"]
[Date "2023.07.29"]
[Round "4"]
[White "Li, Chengzhang"]
[Black "Yu, Lijie Kevin"]
[Result "1/2-1/2"]
[WhiteElo "1726"]
[BlackElo "1426"]
[PlyCount "43"]
[EventDate "2023.07.28"]
[EventType "swiss"]
[EventRounds "11"]
[EventCountry "CHN"]
[SourceTitle "CBM 215 Extra"]
[Source "ChessBase"]
[SourceDate "2023.09.30"]
[SourceVersion "1"]
[SourceVersionDate "2023.09.30"]
[SourceQuality "1"]

1. Nf3 Nf6 2. g3 g6 3. Bg2 d5 4. d4 Bg7 5. 0-0 0-0 6. c4 c6 7. cxd5 cxd5 8. Ne5 Ne4 9. Nd2 Bf5 10. Nxe4 Bxe4 11. Bxe4 dxe4 12. Be3 Nd7 13. Nxd7 Qxd7 14. Qc2 f5 15. Qb3+ e6 16. Rfd1 Qd5 17. Qxd5 exd5 18. Rac1 Rac8 19. Rc5 Rxc5 20. dxc5 Rd8 21. Bd4 Bxd4 22. Rxd4 1/2-1/2